Online
Catalog

Con la adarga al brazo / (Record no. 6740)

MARC details
000 -CABECERA
campo de control de longitud fija 00829cam a2200229 a 4500
001 - NÚMERO DE CONTROL
campo de control 000006956
005 - FECHA Y HORA DE LA ÚLTIMA TRANSACCIÓN
campo de control 20200929154030.0
008 - DATOS DE LONGITUD FIJA--INFORMACIÓN GENERAL
campo de control de longitud fija 850214s1983 cu ac 000 0 spa
040 ## - FUENTE DE LA CATALOGACIÓN
Centro catalogador/agencia de origen DO-SdBNP
Lengua de catalogación spa
Centro/agencia modificador BNPHU
082 ## - NÚMERO DE LA CLASIFICACIÓN DECIMAL DEWEY
Número de clasificación 923.282
Número de documento/Ítem R696c, 1983
100 1# - ENTRADA PRINCIPAL--NOMBRE DE PERSONA
Nombre de persona Rodríguez Herrera, Mariano,
Fechas asociadas al nombre 1935-
9 (RLIN) 19322
245 10 - MENCIÓN DE TÍTULO
Título Con la adarga al brazo /
Mención de responsabilidad, etc. Mariano Rodríguez Herrera ; edición Elsa Pérez Guerra.
250 ## - MENCIÓN DE EDICIÓN
Mención de edición 2a. ed.
260 ## - PUBLICACIÓN, DISTRIBUCIÓN, ETC.
Lugar de publicación, distribución, etc. La Habana :
Nombre del editor, distribuidor, etc. Editora política,
Fecha de publicación, distribución, etc. 1983.
300 ## - DESCRIPCIÓN FÍSICA
Extensión 182 p. :
Otras características físicas il. ;
Dimensiones 20 cm.
490 1# - MENCIÓN DE SERIE
Mención de serie Lectura para jovenes
600 14 - PUNTO DE ACCESO ADICIONAL DE MATERIA--NOMBRE DE PERSONA
Nombre de persona GUEVARA, ERNESTO,
Fechas asociadas al nombre 1928-1967
Subdivisión general VIAJES
9 (RLIN) 19323
600 14 - PUNTO DE ACCESO ADICIONAL DE MATERIA--NOMBRE DE PERSONA
Nombre de persona GUEVARA, ERNESTO,
Fechas asociadas al nombre 1928-1967
Subdivisión general PENSAMIENTO POLÍTICO
9 (RLIN) 19324
651 #4 - PUNTO DE ACCESO ADICIONAL DE MATERIA--NOMBRE GEOGRÁFICO
Nombre geográfico Cuba
Subdivisión general Historia
-- Revolución
Subdivisión cronológica 1959
9 (RLIN) 5960
700 1# - PUNTO DE ACCESO ADICIONAL--NOMBRE DE PERSONA
Nombre de persona Pérez Guerra, Elsa
Término indicativo de función/relación ed.
9 (RLIN) 19266
830 #0 - PUNTO DE ACCESO ADICIONAL DE SERIE-TÍTULO UNIFORME
Título uniforme Lectura para jovenes
9 (RLIN) 19325
Holdings
Estado de retiro Estado de pérdida Restricciones de uso No para préstamo Código de colección Localización permanente Ubicación/localización actual Ubicación en estantería Fecha de adquisición Número de inventario Total de préstamos Signatura topográfica completa Código de barras Fecha visto por última vez Precio válido a partir de Tipo de ítem Koha
    Préstamo interno   Monografías: Libros y Folletos General General Depósito 03.09.2009 LF1   923.282 R696c, 1983 6956-10 25.06.2020 25.06.2020 Préstamo interno
        Monografías: Libros y Folletos Patrimonio Dominicano Patrimonio Dominicano Orden iniciada 05.06.2017 LF1   923.282 R696c, 1983 6956-20 25.06.2020 25.06.2020 No se presta

Powered by Koha